Modèles de marques automobile - Statistiques

Statistiques générales
  • Ce quiz a été pris 1 436 fois
  • Le résultat moyen est 20 sur 25
Statistiques - réponses
Hint / Indice Réponse % Correct
Chiron Bugatti
96%
Cayenne Porsche
96%
RS6 Audi
95%
AMG GTR Mercedes
95%
911 Porsche
95%
Yaris Toyota
95%
R8 Audi
94%
Veyron Bugatti
94%
C3 Citroen
94%
2008 Peugeot
94%
C4 Cactus Citroen
93%
Aventador Lamborghini
93%
205 Peugeot
92%
A1 Audi
91%
C1 Citroen
91%
Focus RS Ford
91%
AMG One Mercedes
91%
M6 BMW
90%
Challenger Dodge
90%
458 Italia Ferrari
90%
Mustang GT Ford
90%
GTR R35 Nissan
89%
Taycan Porsche
89%
M1 BMW
88%
Enzo Ferrari
88%
508 Peugeot
88%
Supra MK4 Toyota
88%
Camaro ZL1 Chevrolet
87%
GTR R34 Nissan
87%
Corsa Opel
87%
Swift Suzuki
87%
Shelby GT500 Ford
86%
4L Renault
86%
X6 BMW
85%
Corvette C8 Chevrolet
85%
Challenger SRT Demon Dodge
85%
Astra Opel
84%
Corvette Stingray Chevrolet
82%
370Z Nissan
82%
5 Turbo Renault
80%
Viper SRT10 Dodge
79%
Aygo Toyota
79%
DB11 Aston Martin
78%
300 SL Mercedes
78%
Valkyrie Aston Martin
77%
Divo Bugatti
77%
LFA Lexus
77%
i20 Hyundai
76%
Defender Land Rover
76%
Zonda R Pagani
76%
Bentayga Bentley
74%
i30 Hyundai
74%
Huayra Pagani
74%
Continental Bentley
72%
Tucson Hyundai
72%
Vanquish Aston Martin
71%
Jesko Koenigsegg
69%
Sesto Elemento Lamborghini
69%
Elise Lotus
68%
Regera Koenigsegg
67%
FXXK Ferrari
66%
Impreza Subaru
65%
Agera Koenigsegg
64%
Miura Lamborghini
64%
LC500 Lexus
61%
Evira Lotus
57%
Firebird Pontiac
54%
Venom GT Hennessey
46%
Venom F5 Hennessey
46%
RS01 Renault
42%
RC F Lexus
41%
3-Eleven Lotus
40%
Aucun quiz correspondant
Distribution des résultats
% des personnes avec chaque résultat
Percentile par nombre de réponses
Votre historique - résultats
Vous n’avez pas pris ce quiz